| 000 | 01015aam a2200325 i 4500 | ||
|---|---|---|---|
| 001 | 019646292 | ||
| 003 | EG-ScBUE | ||
| 005 | 20230404095808.0 | ||
| 008 | 960415s2019 enk f b 000 0 eng d | ||
| 020 | _a9780140053975 | ||
| 035 | _a(WlAbNL)991002343002419 | ||
| 035 | _a(UkOxU)011057710 | ||
| 040 |
_aUk _beng _erda _cUk _dWlAbNL _dUk _dEG-ScBUE |
||
| 082 | 0 | 4 |
_a770.1 _222 _bSON |
| 100 | 1 |
_aSontag, Susan, _d1933-2004, _eauthor. |
|
| 245 | 1 | 0 |
_aOn photography / _cSusan Sontag. |
| 264 | 1 |
_a[London] : _bPenguin Books, _c2019. |
|
| 300 |
_a223 pages ; _c20 cm |
||
| 336 |
_atext _2rdacontent _btxt |
||
| 337 |
_aunmediated _2rdamedia _bn |
||
| 338 |
_avolume _2rdacarrier _bnc |
||
| 500 | _aIncludes 'a brief anthology of quotations'. | ||
| 500 | _aFirst published USA and Canada, 1977. | ||
| 504 | _aIncludes bibliographical references. | ||
| 650 | 7 |
_aPhotography literature. _2BUEsh |
|
| 650 | 7 |
_aPhotography, Artistic. _2BUEsh |
|
| 653 |
_bART _cApril2023 |
||
| 655 | _vReading book | ||
| 942 |
_2ddc _cBB |
||
| 999 |
_c30258 _d30229 |
||